<?xml version="1.0" encoding="UTF-8"?>
<record
    xmlns:xsi="http://www.w3.org/2001/XMLSchema-instance"
    xsi:schemaLocation="http://www.loc.gov/MARC21/slim http://www.loc.gov/standards/marcxml/schema/MARC21slim.xsd"
    xmlns="http://www.loc.gov/MARC21/slim">

  <leader>00785nam a22001577a 4500</leader>
  <controlfield tag="003">dpl</controlfield>
  <controlfield tag="005">20250630124714.0</controlfield>
  <controlfield tag="008">250630b        |||||||| |||| 00| 0 eng d</controlfield>
  <datafield tag="100" ind1=" " ind2=" ">
    <subfield code="a">&#x938;&#x941;&#x930;&#x947;&#x936; &#x915;&#x941;&#x92E;&#x93E;&#x930; &#x91C;&#x948;&#x928; &#x926;&#x94D;&#x935;&#x93E;&#x930;&#x93E; &#x938;&#x92E;&#x94D;&#x92A;&#x93E;&#x926;&#x93F;&#x924; </subfield>
    <subfield code="9">82451</subfield>
  </datafield>
  <datafield tag="245" ind1=" " ind2=" ">
    <subfield code="a">&#x92E;&#x939;&#x93E;&#x935;&#x940;&#x930; &#x92E;&#x93F;&#x936;&#x928; </subfield>
    <subfield code="c">&#x938;&#x941;&#x930;&#x947;&#x936; &#x915;&#x941;&#x92E;&#x93E;&#x930; &#x91C;&#x948;&#x928; </subfield>
  </datafield>
  <datafield tag="260" ind1=" " ind2=" ">
    <subfield code="a">&#x926;&#x93F;&#x932;&#x94D;&#x932;&#x940; </subfield>
    <subfield code="b">&#x936;&#x94D;&#x930;&#x940; &#x935;&#x930;&#x94D;&#x927;&#x92E;&#x93E;&#x928; &#x938;&#x94D;&#x925;&#x93E;&#x928;&#x915;&#x935;&#x93E;&#x938;&#x940; &#x91C;&#x948;&#x928; &#x92E;&#x939;&#x93E;&#x938;&#x902;&#x918; </subfield>
    <subfield code="c">&#x91C;&#x942;&#x928; 2025 </subfield>
  </datafield>
  <datafield tag="270" ind1=" " ind2=" ">
    <subfield code="a">&#x906;&#x930; 1 &#x92C;&#x94D;&#x932;&#x949;&#x915; &#x90F; &#x909;&#x924;&#x94D;&#x924;&#x930;&#x940;  &#x92A;&#x94D;&#x930;&#x940;&#x924;&#x92E;&#x92A;&#x941;&#x930;&#x93E; </subfield>
    <subfield code="b">&#x926;&#x93F;&#x932;&#x94D;&#x932;&#x940; </subfield>
  </datafield>
  <datafield tag="300" ind1=" " ind2=" ">
    <subfield code="c">24 &#x938;&#x947;&#x92E;&#x940; </subfield>
    <subfield code="a">&#x935;&#x930;&#x94D;&#x937;- 52, &#x905;&#x902;&#x915;- 06 </subfield>
  </datafield>
  <datafield tag="310" ind1=" " ind2=" ">
    <subfield code="a">&#x92E;&#x93E;&#x938;&#x93F;&#x915; </subfield>
    <subfield code="b">&#x91C;&#x942;&#x928; 2025 </subfield>
  </datafield>
  <datafield tag="942" ind1=" " ind2=" ">
    <subfield code="2">ddc</subfield>
    <subfield code="c">SR</subfield>
    <subfield code="m">&#x92E;&#x939;&#x93E;&#x935;&#x940; </subfield>
  </datafield>
  <datafield tag="999" ind1=" " ind2=" ">
    <subfield code="c">212004</subfield>
    <subfield code="d">212004</subfield>
  </datafield>
  <datafield tag="952" ind1=" " ind2=" ">
    <subfield code="0">0</subfield>
    <subfield code="1">0</subfield>
    <subfield code="2">ddc</subfield>
    <subfield code="3">&#x935;&#x930;&#x94D;&#x937;-52 </subfield>
    <subfield code="4">0</subfield>
    <subfield code="7">1</subfield>
    <subfield code="a">DBAD</subfield>
    <subfield code="b">DBAD</subfield>
    <subfield code="d">2025-06-30</subfield>
    <subfield code="e">DBAD</subfield>
    <subfield code="g">20.00</subfield>
    <subfield code="l">0</subfield>
    <subfield code="o">&#x92E;&#x939;&#x93E;&#x935;&#x940; </subfield>
    <subfield code="r">2025-06-30 00:00:00</subfield>
    <subfield code="v">20.00</subfield>
    <subfield code="w">2025-06-30</subfield>
    <subfield code="y">SR</subfield>
  </datafield>
</record>
